000 00580nam a2200229 a 4500
001 nice12345678
003 IN_TiNIC
005 20260116015208.0
008 070405s1991 raba grp 000 0 eng
020 _a
_c50
082 0 0 _a025
_bQUA
100 _aQuali, Fied
245 _aQualified Manpower
_bSpecialists in Islamic Studies in Jthe World
260 _aRabat
_bIsesco
_c1991
300 _a408p
500 _aincludes index and biblioraphy
650 _aDirectory-Islamic Specialists
700 1 _aQuali, Fied
902 _bRHR
942 _cBK
999 _c18712
_d18712